Тезисы докладов и сообщений. 26-28 марта 1973 г. (Запись № 6392989)

Подробности
000 -МАРКЕР
контрольное поле 01876nam0a22002651 4500
001 - ИДЕНТИФИКАТОР ЗАПИСИ
контрольное поле rc\3534532
005 - ИДЕНТИФИКАТОР ВЕРСИИ
контрольное поле 20250610032958.0
021 ## - НОМЕР ГОСУДАРСТВЕННОЙ РЕГИСТРАЦИИ
Код страны Российская Федерация
Номер [73-19750]
035 ## - ДРУГИЕ СИСТЕМНЫЕ НОМЕРА
Идентификатор записи (NLR Aleph) 007666927
100 ## - ДАННЫЕ ОБЩЕЙ ОБРАБОТКИ
Данные общей обработки 20130115d1973 |||y0rusy50 ca
101 0# - ЯЗЫК РЕСУРСА
Язык текста, звукозаписи и т.д. русский
102 ## - СТРАНА ПУБЛИКАЦИИ ИЛИ ПРОИЗВОДСТВА
Страна публикации Российская Федерация
105 ## - ПОЛЕ КОДИРОВАННЫХ ДАННЫХ: ТЕКСТОВЫЕ МАТЕРИАЛЫ, МОНОГРАФИЧЕСКИЕ
Кодированные данные о монографическом текстовом документе a z |||||
200 1# - ЗАГЛАВИЕ И СВЕДЕНИЯ ОБ ОТВЕТСТВЕННОСТИ
Основное заглавие Тезисы докладов и сообщений. 26-28 марта 1973 г.
Первые сведения об ответственности Центр. и Челяб. обл. правл. Науч.-техн. о-ва машиностроит. пром-сти. М-во внешней торговли СССР. Гос. ком. стандартов Совета Министров СССР. Гос. ком. Совета Министров СССР по делам изд-в, полиграфии и книжной торговли. Всесоюз. науч.-техн. семинар "Внедрение прогрессивных форм каталогов деталей и товаросопроводит. документов предприятий на изделия, поставляемые для экспорта"
210 ## - ПУБЛИКАЦИЯ, РАСПРОСТРАНЕНИЕ И ДР.
Место издания, распространения и т.д. Челябинск
Имя издателя, распространителя и т. д. Б. и.
Дата издания, распространения и т.д. [1973]
215 ## - ФИЗИЧЕСКАЯ ХАРАКТЕРИСТИКА
Специфическое обозначение материала и объем 128 с.
Другие сведения о физической характеристике ил.
Размеры 20
606 ## - НАИМЕНОВАНИЕ ТЕМЫ КАК ПРЕДМЕТ
Наименование темы Промышленное оборудование, экспортное
Формальный подзаголовок Документация
-- Тезисы докладов
Код системы psbo
710 12 - НАИМЕНОВАНИЕ ОРГАНИЗАЦИИ - ПЕРВИЧНАЯ ОТВЕТСТВЕННОСТЬ
Начальный элемент ввода "Внедрение прогрессивных форм каталогов деталей и товаросопроводительных документов предприятий на изделия, поставляемые для экспорта", всесоюзный научно-технический семинар
Место проведения временной организации Челябинск
Дата проведения временной организации 1973
Системный номер авторитетной/нормативной записи 849129
Идентификатор авторитетной/нормативной записи RU\NLR\AUTH\880591820
801 #0 - ИСТОЧНИК ЗАПИСИ
Страна Российская Федерация
Организация NLR
Правила каталогизации psbo
801 #1 - ИСТОЧНИК ЗАПИСИ
Страна Российская Федерация
Организация ELAR
Источник данных rusmarc
852 ## - МЕСТОНАХОЖДЕНИЕ И ШИФР ХРАНЕНИЯ
Идентификатор организации NLR
Шифр хранения (Call Number) 73-3/659
942 ## - ДОПОЛНИТЕЛЬНЫЕ ЭЛЕМЕНТЫ ЗАПИСИ (АБИС)
Тип экземпляра АБИС Книга
980 ## - КОЛЛЕКЦИЯ
Название коллекции Национальная библиография
Экземпляры
Тип экземпляра Дата поступления Библиотека постоянного хранения Библиотека текущего хранения Место хранения Шифр хранения Штрих-код Статус экземпляра
Книга 26.10.2013 РНБ (Московский) РНБ (Московский) Русский книжный фонд: издания с 1957 года 73-3/659 7666927-10  
Книга 21.09.2023 РНБ (Московский) РНБ (Московский) Русский книжный фонд: издания с 1957 года 73-3/659 7666927-20